Finance, budget, and management for reference services (Record no. 1108)

MARC details
000 -LEADER
fixed length control field 00538nam a2200193Ia 4500
020 ## - INTERNATIONAL STANDARD BOOK NUMBER
ISBN 0-86656-691-0
082 ## - DEWEY DECIMAL CLASSIFICATION NUMBER
Classification number 025.52 FIN;
245 #0 - TITLE STATEMENT
Title Finance, budget, and management for reference services
260 ## - PUBLICATION, DISTRIBUTION, ETC. (IMPRINT)
Place of publication New York
Name of publisher Haworth Press
Year of publication 1988
300 ## - PHYSICAL DESCRIPTION
Number of Pages 376p.
650 ## - SUBJECT ADDED ENTRY--TOPICAL TERM
Topical Term Reference services (Libraries) - Administration
650 ## - SUBJECT ADDED ENTRY--TOPICAL TERM
Topical Term Library fines
650 ## - SUBJECT ADDED ENTRY--TOPICAL TERM
Topical Term Reference services budget
650 ## - SUBJECT ADDED ENTRY--TOPICAL TERM
Topical Term Library administration
650 ## - SUBJECT ADDED ENTRY--TOPICAL TERM
Topical Term Library finance
700 ## - ADDED ENTRY--PERSONAL NAME
Personal name Fraley, Ruth A.
700 ## - ADDED ENTRY--PERSONAL NAME
Personal name Katz, Bill
942 ## - ADDED ENTRY ELEMENTS (KOHA)
Koha item type Books
Holdings
Withdrawn status Lost status Damaged status Not for loan Home library Current library Date acquired Bill Date Full call number Accession Number Price effective from Koha item type
        NASSDOC Library NASSDOC Library 08/06/2004 2004-10-22 025.52 FIN; 29359 18/04/2019 Books